<?xml version="1.0" encoding="UTF-8"?>
<marc:record xmlns:marc="http://www.loc.gov/MARC21/slim">
   <marc:leader>00000nam a2200000 a 4500</marc:leader>
   <marc:datafield ind1="1" ind2=" " tag="100">
      <marc:subfield code="a">Arnaud, Clara</marc:subfield>
      <marc:subfield code="4">aut</marc:subfield>
      <marc:subfield code="e">Verfasser/-in</marc:subfield>
   </marc:datafield>
   <marc:datafield ind1="0" ind2="0" tag="245">
      <marc:subfield code="a">Im Tal der Bärin</marc:subfield>
   </marc:datafield>
   <marc:datafield ind1=" " ind2="1" tag="264">
      <marc:subfield code="b">Verlag Antje Kunstmann GmbH</marc:subfield>
      <marc:subfield code="c">2025</marc:subfield>
   </marc:datafield>
   <marc:datafield ind1="1" ind2=" " tag="520">
      <marc:subfield code="a">Ein Tal in den Pyrenãen, in dem die Bärendressur einst Tradition war und in dem jetzt wieder Bären angesiedelt wurden. Eine Wissenschaftlerin, die erforscht, wie das Zusammen- leben von Wildtieren und Menschen gelingen kann. Ein Schäfer, der um seine Herde fürchtet, mit der er jeden Sommer auf die Hochalm zieht. Eine Barin, die das ganze Tal in Atem halt ..</marc:subfield>
   </marc:datafield>
   <marc:datafield ind1=" " ind2=" " tag="020">
      <marc:subfield code="a">9783956146220</marc:subfield>
      <marc:subfield code="9">9783956146220</marc:subfield>
   </marc:datafield>
</marc:record>
